| 000 | 00539nam a2200205 a 4500 | ||
|---|---|---|---|
| 005 | 20140310183219.0 | ||
| 008 | 030923s19uu xx 00 eng d | ||
| 020 | _a0256133700 | ||
| 050 |
_aHF 5667 _b.W39 1995 |
||
| 100 | _aWhittington, O. Ray | ||
| 245 |
_aPrinciples of auditing / _cO. ray Whittington. |
||
| 250 | _a11th ed. | ||
| 260 |
_aChicago : _bIrwin, _c1995. |
||
| 300 |
_axviii, 734 p. : _bill. ; _c24 cm. |
||
| 500 | _aIncludes Index | ||
| 521 | _aBSBA | ||
| 650 | _aAuditing | ||
| 942 |
_cBK _2lcc _kFOR |
||
| 999 |
_c20295 _d20295 |
||